Statistics for U.S. States Bordering Two or More "M" States

Click here to take the quiz!

General Stats

  • This quiz has been taken 27 times
  • The average score is 5 of 7

Answer Stats

BordersState% Correct
Maine + MassachusettsNew Hampshire
80%
Minnesota + MontanaNorth Dakota
80%
Minnesota + MontanaSouth Dakota
75%
Michigan + MinnesotaWisconsin
75%
Mississippi + MissouriArkansas
70%
Minnesota + MissouriIowa
60%
Mississippi + MissouriTennessee
55%

Score Distribution

Percentile by Number Answered

Percent of People with Each Score

Your Score History

You have not taken this quiz